000 00966nas a2200313 4500
001 BR2018001971
003 BR-BrBNA
005 20231205131423.0
007 ta
008 230509b bl.|||p| |||| 00| 00por d
040 _aBR-BrBNA
_bpor
_cBiblioteca Nacional de Agricultura
041 _a(Pt)
072 _aK10
100 1 _aGonçalves, F.G.
100 1 _aAlexandre, R.S.
100 1 _aSilva, A.G. da
100 1 _aLemes, E. de Q.
100 1 _aRocha, A. P. da
100 1 _aRibeiro, M.P. de A.
245 1 _aEmergência e qualidade de mudas de Enterolobium contortisiliquum (Vell.)Morong (Fabaceae)em diferentes substratos
650 _aTIMBAUVA
650 _aMUDA
650 _aQUALIDADE
650 _aSUBSTRATO DE CULTURA
650 _aDETERIORAÇÃO DO SOLO
773 0 _tRevista Árvore (Brazil)
_xISSN 0100-6762
_g(Nov-Dec 2013), v. 37(6) p. 1125-1133
_wBR2018001971
909 _a202311
_bLúcia
_c55
_dLúcia Elande
942 _2AGRIS
_n0
_cANA
999 _c254715
_d254715